000 01054nam0a22002891 4500
001 rc\872535
005 20220415191210.0
035 _a(NLR Aleph) 006050831
090 _a4804140
_c4804140
100 _a20041129d1983 u |0rusy50 ca
101 0 _arus
102 _aRU
105 _aa |||||||||
200 1 _aРегистрация спонтанно делящегося нуклида в метеорите Алленде
_fС.П. Третьякова, Л.В. Джолос, В.А. Пономаренко
210 _aДубна
_cОИЯИ
_d1983 (вып. дан. 1984)
215 _a7 с.
_cил.
_d21
225 1 _aПрепринт
_fОбъед. ин-т ядер. исслед.
_v15-83-888
320 _aБиблиогр.: с. 7 (18 назв.)
700 1 _aТретьякова
_bС. П.
_gСветлана Павловна
701 1 _aДжолос
_bЛ. В.
701 1 _aПономаренко
_bВ. А.
801 0 _aRU
_bNLR
_gpsbo
801 1 _aRU
_bELAR
_2rusmarc
852 _aNLR
_j84-6/3743
942 _cBOOK
980 _aNB